Normal view
MARC view
Entry Topical Term
001 - CONTROL NUMBER
- control field: 2026
003 - CONTROL NUMBER IDENTIFIER
- control field: BD-RjUL
005 - DATE AND TIME OF LATEST TRANSACTION
- control field: 20220324145424.0
008 - FIXED-LENGTH DATA ELEMENTS
- fixed length control field: 220324|| aca||aabn | a|a d
040 ## - CATALOGING SOURCE
- Original cataloging agency: BD-RjUL
- Transcribing agency: BD-RjUL
150 ## - HEADING--TOPICAL TERM
- Topical term or geographic name entry element: Insurance
- Form subdivision: Performance
- Geographic subdivision: Bangladesh
670 ## - SOURCE DATA FOUND
- Source citation: Work cat.: (BD-RjUL)79606: Mozumder, Biplab Kumar 2025, Performance of General Insurance Companies in the Public and Private Sectors in Bangladesh :, 2006